| 000 | 00742nam a22002057a 4500 | ||
|---|---|---|---|
| 005 | 20250101124053.0 | ||
| 010 | _aDEC24SC ENG-142970 | ||
| 020 |
_a9789358708332 _c299.00 |
||
| 035 | _aEN-126502 | ||
| 037 | _bDBAD | ||
| 082 |
_a954 _21 |
||
| 100 |
_aMalhotra, Raj _975661 |
||
| 245 |
_aModern History for UPSC & PSC Civil Services Examinations/ _cBy Raj Malhotra |
||
| 250 | _a1 | ||
| 260 |
_aNew Delhi _bS Chand and Company Limited _c2024 |
||
| 270 |
_a A-27, 2nd Floor, Mohan Co-operative Industrial Estate _bNew Delhi _e110044 _minfo@schandpublishing.com _k011-49731800 |
||
| 300 |
_a152p. _c26cm(pb) |
||
| 500 | _a For UPSC & State PSC Civil Services Examinations (Prelims + Main) | ||
| 942 |
_2ddc _cEN _h954 _mMAL _e1 |
||
| 999 |
_c207611 _d207611 |
||